00478nam a22001457a 4500003000400000005001700004008004100021040001400062100001800076245006600094260000900160300002900169500010200198504003200300OSt20171010095519.0120816t xxu||||| |||| 00| 0 eng d aMMSUcULS aGarma, Fe J.  aReal property tax administration in Laoag City cFe J. Garma  c2004 axii, 130 leaves c28 cm. aThesis (MA Public Administration) -- Mariano Marcos State University-Graduate School, Laoag City  aBibliography: leaves 77-80